000 01014cam a2200289 i 4500
001 21656714
003 OSt
005 20260205114504.0
008 200730s2020 enk b 000 0 eng
020 _a9781912906833 (Paperback)
040 _aDLC
_beng
_cNUST
_erda
_dNUST
050 0 0 _aLB1707 BRO
100 1 _aBrown, Chris
_eauthor.
245 1 4 _aThe research-informed teaching revolution :
_bA handbook for the 21st century teacher /
_cChris Brown.
260 _aWoodbridge ;
_bJohn Catt Publication ,
_c©2020.
300 _a224 pages :
_billustrations ;
_c21 cm
336 _atext
_btxt
_2rdacontent
337 _aunmediated
_bn
_2rdamedia
338 _avolume
_bnc
_2rdacarrier
504 _aIncludes bibliographical references.
650 0 _aTeachers
_xTraining of.
650 0 _aEducational change.
650 0 _aMass media
_xTechnological innovations.
700 1 _aFlood, Jane
_c(Teacher)
_eauthor.
700 1 _aHandscomb, Graham,
_eauthor.
942 _2lcc
_n0
_cBOOKS
_hLB1707 BRO
_kLB
_mBHO
999 _c172624
_d172624